El libro de los muertos del siglo XX / (Record no. 59411)

MARC details
000 -LEADER
campo de control de longitud fija 00535nam a2200181 i 4500
001 - NÚMERO DE CONTROL
campo de control 59411
003 - IDENTIFICADOR DE NÚMERO DE CONTROL
campo de control ES-MaACL
005 - FECHA Y HORA DE LA ÚLTIMA TRANSACCIÓN
campo de control 20230906164028.0
007 - CAMPO FIJO DE DESCRIPCIÓN FÍSICA--INFORMACIÓN GENERAL
campo de control de longitud fija t|
008 - DATOS DE LONGITUD FIJA--INFORMACIÓN GENERAL
campo de control de longitud fija 031029s1973 sp ||||1| spa d
100 1# - ENTRADA PRINCIPAL--NOMBRE DE PERSONA
Nombre de persona Elliot, Gil.
9 (RLIN) 47031
245 13 - MENCIÓN DEL TÍTULO
Título El libro de los muertos del siglo XX /
Mención de responsabilidad, etc. Gil Elliot ; [traducción de Luis Flaquer].
250 ## - MENCION DE EDICION
Mención de edición [1ª ed.].
260 ## - PUBLICACIÓN, DISTRIBUCIÓN, ETC.
Lugar de publicación, distribución, etc. [Barcelona] :
Nombre del editor, distribuidor, etc. Dopesa,
Fecha de publicación, distribución, etc. [1973]
300 ## - DESCRIPCIÓN FÍSICA
Extensión 275 p. ;
Dimensiones 18 cm.
700 1# - ENTRADA AGREGADA--NOMBRE PERSONAL
Nombre de persona Flaquer i Vilardebó, Lluís.
9 (RLIN) 51128
852 ## - LOCALIZACIÓN
Ubicación ES-MaACL
Número de control de estantería C-53699
Sublocalización o colección R.86868
Holdings
Estatus retirado Estado de pérdida Estado de daño No para préstamo Biblioteca de origen Biblioteca actual Ubicación en estantería Fecha de adquisición Fuente de adquisición Total de préstamos Signatura topográfica completa Código de barras Visto por última vez Precio de reemplazo Tipo de ítem Koha
        Biblioteca del Ateneo de Madrid Biblioteca del Ateneo de Madrid Depósito 2 17/01/2008     C-53699 1062315 23/02/2023 23/02/2023 Libro impreso